[Event "Mittelrhein Verbandsliga-M 16/17"]
[Site "Nordrheinwestfalen"]
[Date "2017.04.09"]
[Round "10.8"]
[White "Goebgens, Edmund"]
[Black "Humeniuk, Andreas"]
[Result "0-1"]
[WhiteElo "1726"]
[BlackElo "1734"]
[PlyCount "130"]
[EventDate "2016.09.11"]
[EventType "team-tourn"]
[EventRounds "11"]
[EventCountry "GER"]
[SourceTitle "EXT 2022"]
[Source "ChessBase"]
[SourceDate "2021.10.06"]
[SourceVersion "1"]
[SourceVersionDate "2021.10.06"]
[SourceQuality "1"]
[WhiteTeam "Esch SF"]
[BlackTeam "Koeln Muelheim"]
[WhiteTeamCountry "GER"]
[BlackTeamCountry "GER"]

1. b4 Nf6 2. Bb2 e6 3. a3 d5 4. e3 Nbd7 5. Nf3 Bd6 6. c4 dxc4 7. Bxc4 c6 8. Qc2 Qe7 9. h3 h6 10. 0-0 0-0 11. d3 b5 12. Bb3 Bb7 13. e4 Ne8 14. e5 Bc7 15. Nbd2 Rc8 16. d4 Nb6 17. Ne4 Nd5 18. Nc5 Ba8 19. Qe4 Bb6 20. Qg4 Bxc5 21. bxc5 f5 22. Qg3 Nec7 23. Rac1 a5 24. Rce1 Bb7 25. Kh2 Qf7 26. Nh4 Kh7 27. f4 Rg8 28. Qd3 Qh5 29. g3 g5 30. Bd1 Qe8 31. fxg5 hxg5 32. Nf3 g4 33. Nh4 gxh3 34. Bc1 Rg7 35. Kxh3 Kg8 36. Bh6 Rh7 37. Qd2 Ne7 38. Qg5+ Kh8 39. Qf6+ Kg8 40. Bh5 Qxh5 41. Qg5+ Qxg5 42. Bxg5 Ng6 43. Kg2 Nxh4+ 44. gxh4 Kf7 45. Kf3 Ba6 46. Rh1 Rh5 47. Bd2 a4 48. Reg1 Rg8 49. Rxg8 Kxg8 50. Bg5 Nd5 51. Rg1 Kf7 52. Bd8 Rh8 53. Bg5 b4 54. axb4 Nxb4 55. Rb1 Nd5 56. Ra1 Bb5 57. Ra3 Kg6 58. Kf2 Kh5 59. Bd2 Rg8 60. Bg5 Nb4 61. Kg3 Ra8 62. Kf4 Nc2 63. Ra2 a3 64. Bf6 Bd3 65. Be7 Rb8 0-1

[Event "Mittelrhein Verbandsliga-M 15/16"]
[Site "Nordrheinwestfalen"]
[Date "2015.10.18"]
[Round "3.8"]
[White "Goebgens, Edmund"]
[Black "Radev, Yordan"]
[Result "0-1"]
[WhiteElo "1726"]
[BlackElo "1685"]
[PlyCount "66"]
[EventDate "2015.09.06"]
[EventType "team-tourn"]
[EventRounds "11"]
[EventCountry "GER"]
[SourceTitle "EXT 2022"]
[Source "ChessBase"]
[SourceDate "2021.10.06"]
[SourceVersion "1"]
[SourceVersionDate "2021.10.06"]
[SourceQuality "1"]
[WhiteTeam "Esch SF"]
[BlackTeam "Dormagen SV"]
[WhiteTeamCountry "GER"]
[BlackTeamCountry "GER"]

1. b4 c6 2. Bb2 Nf6 3. c4 Qb6 4. a3 d6 5. Bxf6 gxf6 6. Nc3 f5 7. e3 e5 8. Qh5 Be6 9. Nf3 Be7 10. Ng5 Bxg5 11. Qxg5 Nd7 12. Qg7 0-0-0 13. Qg3 Rdg8 14. Qf3 e4 15. Qf4 Ne5 16. c5 Qd8 17. h3 Rxg2 18. b5 Nf3+ 19. Kd1 dxc5 20. d3 Rxf2 21. Be2 Bb3+ 22. Kc1 Rxe2 23. Qxf5+ Kb8 24. Nxe2 Qxd3 25. Qxc5 Qxe2 26. bxc6 Rc8 27. Rd1 Qxd1+ 28. Kb2 Qe2+ 29. Kxb3 Nd2+ 30. Kb4 a5+ 31. Ka4 Rxc6 32. Qe5+ Ka7 33. Qd4+ Ka6 0-1

[Event "Mittelrhein Verbandsliga-M 15/16"]
[Site "Nordrheinwestfalen"]
[Date "2015.09.27"]
[Round "2.8"]
[White "Schmitt, Karl"]
[Black "Goebgens, Edmund"]
[Result "1-0"]
[WhiteElo "1818"]
[BlackElo "1726"]
[PlyCount "127"]
[EventDate "2015.09.06"]
[EventType "team-tourn"]
[EventRounds "11"]
[EventCountry "GER"]
[SourceTitle "EXT 2022"]
[Source "ChessBase"]
[SourceDate "2021.10.06"]
[SourceVersion "1"]
[SourceVersionDate "2021.10.06"]
[SourceQuality "1"]
[WhiteTeam "Bergische SF"]
[BlackTeam "Esch SF"]
[WhiteTeamCountry "GER"]
[BlackTeamCountry "GER"]

1. Nf3 c5 2. c4 Nf6 3. g3 b6 4. Bg2 Bb7 5. 0-0 e6 6. Nc3 Be7 7. Re1 0-0 8. e4 d6 9. d4 cxd4 10. Nxd4 a6 11. Be3 Qc7 12. Qb3 Nbd7 13. f3 Rfc8 14. Bf1 Nc5 15. Qd1 h6 16. Rc1 Qd8 17. Na4 Nfd7 18. b4 Nxa4 19. Qxa4 Ne5 20. Qb3 Kf8 21. Be2 Qd7 22. a4 d5 23. cxd5 exd5 24. f4 Nc4 25. Bxc4 dxc4 26. Rxc4 Bxe4 27. Rxc8+ Rxc8 28. b5 Bd5 29. Qb2 axb5 30. Qxb5 Qxb5 31. axb5 Bb4 32. Rb1 Bc5 33. Kf2 g6 34. Ra1 Bc4 35. Rb1 Bd3 36. Rc1 Re8 37. Re1 h5 38. h4 Bc4 39. Rb1 Re4 40. Nc2 Bd3 41. Rb2 Ke8 42. Kf3 Rc4 43. Bxc5 Rxc5 44. Nd4 Rc3 45. Kf2 Bc4 46. Nf3 f6 47. Nd4 Kf7 48. Rb1 Bd5 49. Ra1 Rc7 50. Ra6 Rb7 51. Nc6 Bxc6 52. bxc6 Rc7 53. Rxb6 Ke6 54. Kf3 f5 55. Ke3 Kd5 56. Ra6 Kc5 57. Kd3 Kb5 58. Ra3 Kc5 59. Rc3+ Kd6 60. Kd4 Rc8 61. c7 Ke6 62. Rc6+ Kd7 63. Kd5 Ra8 64. c8Q+ 1-0